000 00650nam a2200217Ia 4500
003 GCL
008 140319s9999 xx 000 0 ara d
040 _aGCL /
_cGCL
082 0 4 _a101
_bع ق
100 1 _aعلى عبدالمعطى محمد
245 1 0 _aقضايا الفلسفة العامة ومباحثها /
_cعلى عبدالمعطى محمد
260 _a[S.N] :
_bدار المعرفة الجامعية ،
_c1986
300 _a430 ص
490 _a
650 0 4 _aالفلسفة
650 0 4 _aالوحدانية
650 0 4 _aالدين والفلسفة
650 0 4 _aالمعرفة
650 0 4 _aالمنطق
942 _2ddc
_cBK
999 _c28186
_d28186